000 00513nam a2200169Ia 4500
003 GCL
008 140319s9999 xx 000 0 ara d
040 _aGCL /
_cGCL
082 0 4 _a812.042
_bا ا
100 1 _aابسن، هنريك
245 1 0 _aاعمدة المجتمع /
_cابسن، هنريك
700 1 _aعزيز سليمان (مترجم)
490 _aروائع المسرح العالمى
_v0
650 0 4 _aالمسرحيات
650 0 4 _aالمسرحيات الانجليزية
942 _2ddc
_cBK
999 _c39896
_d39896